02085 2200349 4500001002100000005001500021035002000036008004100056020001800097041000800115082001000123084001600133100001900149700002200168700001600190245006700206250001200273260003600285300003700321500002500358500002500383520112000408650001401528650001501542650002801557990002501585990002501610990002501635990002501660990002501685990002501710INLIS00000000000301720221112110902 a0010-0520003017221112 | | eng  a9780273655213 aeng a658.8 a658.8 ALB i0 aAlbaum, Gerald0 aJesper Strandskov0 aEdwin Duerr1 aInternational Marketing and Export Management /cGerald Albaum a4th ed. aEngland :bPrentice Hall,c2002 axvi, 673p. :b: illus. ;c25 cm. aGlossary p.646 - 654 aIndeks : p.655 - 673 aThis book has been written in response to the rapid changes occuring in international marketing and the growth in importance of international markets to companies of all sizes. The key factors driving change, including major technological advances and lowered costs in communications, the emergence of e-commerce, improvements in transportation and logistics, continued lowering of barriers to trade and invesment, the growth of international alliances and the increasing globalization of business are examined. It is focused primarily on the marketing decisions and management processes involved in developing export and other international marketing operations. Whilst the exporting focus remains for this fourth edition, more extensive material on other forms of entry and methods for evaluating market entry strategy are provided. It is ideal for undergraduate and postgraduate cources in International Marketing or Export Marketing/International Trade. It can also be used as a supplementary text on International Business cources and as a useful source of reference to even the most experienced practitioners. 4aMarketing 4aManagement 4aInternational Marketing a11054/MKRI-P/XI-2008 a11055/MKRI-P/XI-2008 a11054/MKRI-P/XI-2008 a11055/MKRI-P/XI-2008 a11055/MKRI-P/XI-2008 a11054/MKRI-P/XI-2008